01306nam a2200325Ia 450000500170000000800410001702000150005810000360007324500500010925000190015930000270017849000420020565000380024765000420028565000360032765000340036365000360039765000400043365100480047394200150052126400330053633600270056933700330059633800280062904000350065708400120069299900150070495201330071995201280085220220317000748.0160601s2004 ag g 000 0 spa  a95049119861 aMartínez, Tomás Eloyd1938-13aEl cantor del tango cTomás Eloy Martínez a1a. edición  a253 páginas c23 cm  aAutores Españoles e Iberoamericanos142LEMBaNovela argentina ySiglo XX142LEMBaLiteratura argentina ySiglo XX142LEMBaMúsica en la literatura142LEMBaTangos en la literatura142LEMBaRealidad en la literatura142LEMBaSentimientos en la literatura 4aBuenos aires (Argentina) xHistoria 954208 2loccBKLIT aBuenos Aires bPlanetac2004 atextobtxt2rdacontent asin mediaciónbn2rdamedia avolumenbnc2rdacarrier aCO-BoRNBPbspaerdacCO-BoRNBP aN MAR16 c4986d4986 00102ddc40708001aMEMAPIRIbMEMAPIRIcLITd2024-01-12l0oN MAR16pMAP00001882r2024-01-12 20:24:48tEj.1w2024-01-12yBKLIT 00102ddc40708GENaMEURIBEbMEURIBEcLITd2024-10-03l0oN MAR16pURI01680r2024-10-03 12:03:41tEj.1w2024-10-03yBKLIT